Countries Ice Nine Kills has Visited - Statistics

General Stats
  • This quiz has been taken 6 times
  • The average score is 22 of 29
Answer Stats
Continent Country % Correct
North America Mexico
100%
North America United States of America
100%
Oceania Australia
83%
Europe Austria
83%
North America Canada
83%
Europe Denmark
83%
Europe Germany
83%
Europe Netherlands
83%
Europe Norway
83%
Europe Poland
83%
Europe Sweden
83%
Europe United Kingdom
83%
Europe Belgium
67%
Europe Czech Republic
67%
Europe Estonia
67%
Europe Finland
67%
Europe France
67%
Europe Greece
67%
Europe Hungary
67%
Europe Ireland
67%
Europe Italy
67%
Europe Lithaunia
67%
Europe Luxembourg
67%
Europe Malta
67%
Europe Romania
67%
Europe Slovakia
67%
Europe Spain
67%
Europe Switzerland
67%
Europe Bulgaria
50%
No matching quizzes found
Score Distribution
Percent of People with Each Score
Percentile by Number Answered
Your Score History
You have not taken this quiz